Welcome to CU Library Online Public Access Catalogue (OPAC)

Strategic Management: (Record no. 4059)

MARC details
000 -LEADER
fixed length control field 00585nam a22001937a 4500
005 - DATE AND TIME OF LATEST TRANSACTION
control field 20250221191415.0
008 - FIXED-LENGTH DATA ELEMENTS--GENERAL INFORMATION
fixed length control field 250221b |||||||| |||| 00| 0 eng d
020 ## - INTERNATIONAL STANDARD BOOK NUMBER
International Standard Book Number 9780071288514
050 ## - LIBRARY OF CONGRESS CALL NUMBER
Classification number HD30.28
Item number .D4743 DES
100 ## - MAIN ENTRY--PERSONAL NAME
Personal name Dess Gregory G.
245 ## - TITLE STATEMENT
Title Strategic Management:
Remainder of title Text and Cases/
Statement of responsibility, etc. Gregory G. Dess, G. T. Lumpkin & Alan B. Eisner
250 ## - EDITION STATEMENT
Edition statement 4th Ed.
260 ## - PUBLICATION, DISTRIBUTION, ETC.
Place of publication, distribution, etc. Boston
Name of publisher, distributor, etc. McGraw-Hill
Date of publication, distribution, etc. 2008
300 ## - PHYSICAL DESCRIPTION
Extent xxx. (various pagings.)
Other physical details ill. col.
Dimensions 24 cm
650 ## - SUBJECT ADDED ENTRY--TOPICAL TERM
Source of heading or term Management
700 ## - ADDED ENTRY--PERSONAL NAME
Personal name Lumpkin G. T.
700 ## - ADDED ENTRY--PERSONAL NAME
Personal name Eisner Alan B.
942 ## - ADDED ENTRY ELEMENTS (KOHA)
Source of classification or shelving scheme Library of Congress Classification
Koha item type Books
Edition 4th Ed.
Suppress in OPAC No
999 ## -
-- 4059
-- 4059
Holdings
Withdrawn status Lost status Source of classification or shelving scheme Damaged status Not for loan Collection Home library Current library Shelving location Date acquired Total checkouts Full call number Barcode Date last seen Copy number Price effective from Koha item type
    Library of Congress Classification     Non-fiction Business Library (Miotso) Business Library (Miotso) General stacks 02/21/2025   HD30.28 .D4743 DES BSSM00000897 02/21/2025 1 02/21/2025 Books
    Library of Congress Classification     Non-fiction Undergraduate Library (Christ Temple) Undergraduate Library (Christ Temple) General stacks 04/05/2025   HD30.28.D4743 DES ulct00002080 04/05/2025 1 04/05/2025 Books
    Library of Congress Classification     Non-fiction Undergraduate Library (Christ Temple) Undergraduate Library (Christ Temple) General stacks 04/05/2025   HD30.28.D4743 DES ulct00002081 04/05/2025 2 04/05/2025 Books
    Library of Congress Classification     Non-fiction Undergraduate Library (Christ Temple) Undergraduate Library (Christ Temple) General stacks 04/05/2025   HD30.28.D4743 DES ulct00002082 04/05/2025 1 04/05/2025 Books
© 2023-2024 Copyright: Central University Libraries. All Rights Reserved | Created by: Mahone Tech Office